[Event "Quebec Montcalm op 7 2017-18"]
[Site "Quebec"]
[Date "2018.05.24"]
[Round "5"]
[White "Boissinot, Claude"]
[Black "Bender, Karl Heinz"]
[Result "1-0"]
[WhiteElo "1502"]
[BlackElo "1519"]
[PlyCount "74"]
[EventDate "2018.04.26"]
[EventType "swiss"]
[EventRounds "5"]
[EventCountry "CAN"]
[SourceTitle "EXT 2022"]
[Source "ChessBase"]
[SourceDate "2021.10.06"]
[SourceVersion "1"]
[SourceVersionDate "2021.10.06"]
[SourceQuality "1"]

1. e4 c5 2. d4 cxd4 3. c3 dxc3 4. Nxc3 Nc6 5. Nf3 d6 6. Bc4 e6 7. 0-0 Be7 8. Qe2 Bf6 9. Rd1 Ne5 10. Nxe5 Bxe5 11. Be3 Bd7 12. Rac1 Rc8 13. Bxa7 Ne7 14. Be3 Ng6 15. g3 Bc6 16. f4 Bxc3 17. Rxc3 0-0 18. Bf2 Ne7 19. Bb3 Qd7 20. Qe3 d5 21. Bc2 Bb5 22. e5 Rxc3 23. bxc3 Bc4 24. a4 Ra8 25. Qc5 Rc8 26. Qb4 Nc6 27. Qxc4 Nxe5 28. Qe2 Nc4 29. Qd3 g6 30. Rb1 Qc6 31. Rb4 Na3 32. Be1 Nxc2 33. Qxc2 Qc5+ 34. Qf2 Qxf2+ 35. Kxf2 Ra8 36. Bd2 Kg7 37. Be3 f6 1-0

[Event "Goch op 24th"]
[Site "Goch"]
[Date "2013.09.07"]
[Round "4"]
[White "Bender, Karl Heinz"]
[Black "Ooms, David"]
[Result "0-1"]
[WhiteElo "1053"]
[BlackElo "1522"]
[PlyCount "88"]
[EventDate "2013.09.05"]
[EventType "swiss"]
[EventRounds "7"]
[EventCountry "GER"]
[SourceTitle "EXT 2015"]
[Source "ChessBase"]
[SourceDate "2014.11.20"]
[SourceVersion "1"]
[SourceVersionDate "2014.11.20"]
[SourceQuality "1"]

1. Nf3 f5 2. d4 Nf6 3. e3 e6 4. c4 Be7 5. Be2 0-0 6. Nc3 d5 7. 0-0 c5 8. b3 Nc6 9. Bb2 b6 10. Ne5 Nxe5 11. dxe5 Ne4 12. cxd5 Nxc3 13. Bxc3 exd5 14. Bf3 Bb7 15. g3 Qd7 16. Qe2 a5 17. Rfd1 Rad8 18. Qb2 d4 19. Bxb7 dxc3 20. Qc2 Qxb7 21. Rxd8 Rxd8 22. Qxc3 Qe4 23. Rf1 Rd5 24. f3 Qxe5 25. Qc1 h6 26. Re1 Qd6 27. e4 fxe4 28. fxe4 Rd4 29. e5 Qe6 30. Qe3 a4 31. Qf3 axb3 32. axb3 Rb4 33. Kg2 Rxb3 34. Qa8+ Kh7 35. Qe4+ Qg6 36. Qc4 Rb2+ 37. Kh1 Qc2 38. Qe4+ Qxe4+ 39. Rxe4 Kg6 40. e6 b5 41. Kg1 c4 42. h4 c3 43. Re1 c2 44. Kf1 Rb1 0-1

[Event "Quebec Montcalm op 7 2011-12"]
[Site "Quebec"]
[Date "2012.05.17"]
[Round "4"]
[White "Bender, Karl Heinz"]
[Black "Boulianne, Gabriel"]
[Result "1/2-1/2"]
[WhiteElo "1492"]
[BlackElo "1789"]
[PlyCount "136"]
[EventDate "2012.04.26"]
[EventType "swiss"]
[EventRounds "5"]
[EventCountry "CAN"]
[SourceTitle "EXT 2022"]
[Source "ChessBase"]
[SourceDate "2021.10.06"]
[SourceVersion "1"]
[SourceVersionDate "2021.10.06"]
[SourceQuality "1"]

1. d4 Nf6 2. Nf3 g6 3. g3 c5 4. Bg2 cxd4 5. Nxd4 e5 6. Nb3 Nc6 7. 0-0 h5 8. Bg5 h4 9. Nc3 hxg3 10. hxg3 Be7 11. Bxf6 Bxf6 12. Ne4 Be7 13. Nd6+ Bxd6 14. Qxd6 Qe7 15. Qxe7+ Kxe7 16. c3 d6 17. f3 f5 18. Kf2 g5 19. Rh1 Be6 20. Nd2 d5 21. Rxh8 Rxh8 22. b3 f4 23. Rh1 Rxh1 24. Bxh1 Bf5 25. gxf4 gxf4 26. e3 fxe3+ 27. Kxe3 Kd6 28. Bg2 a5 29. Bf1 Kc5 30. Be2 d4+ 31. cxd4+ exd4+ 32. Kf4 Bc2 33. Ne4+ Kb4 34. Bc4 Ka3 35. Nd6 Nb4 36. Nb5+ Kxa2 37. Nxd4 Nd3+ 38. Bxd3 Bxd3 39. Ke3 Bh7 40. Kd2 Kb2 41. f4 Bg8 42. f5 Ka3 43. Kc3 Bd5 44. f6 b6 45. Nc2+ Ka2 46. Nd4 Bf7 47. Kc2 Bd5 48. Kc3 Kb1 49. Nb5 Ka2 50. Nd4 Bg8 51. Kc2 Bf7 52. Kc3 Bg6 53. Nf5 b5 54. Nd6 b4+ 55. Kc4 a4 56. Kxb4 axb3 57. Nb5 Bf7 58. Nc3+ Kb2 59. Na4+ Kc2 60. Ka3 Be8 61. Nb2 Bg6 62. Na4 Bf7 63. Nb2 Be8 64. Nc4 Kc3 65. Nb2 Bf7 66. Na4+ Kd4 67. Kb2 Be8 68. Kxb3 Ke5 1/2-1/2

[Event "Quebec Montcalm op 2 2011-12"]
[Site "Quebec"]
[Date "2011.10.20"]
[Round "2"]
[White "Bender, Karl Heinz"]
[Black "Ripoll, Arthur"]
[Result "1-0"]
[WhiteElo "1532"]
[BlackElo "1481"]
[PlyCount "131"]
[EventDate "2011.10.13"]
[EventType "swiss"]
[EventRounds "5"]
[EventCountry "CAN"]
[SourceTitle "EXT 2022"]
[Source "ChessBase"]
[SourceDate "2021.10.06"]
[SourceVersion "1"]
[SourceVersionDate "2021.10.06"]
[SourceQuality "1"]

1. e4 e5 2. Nf3 Nc6 3. b3 Bc5 4. Bb2 d6 5. Nc3 a6 6. Be2 Nf6 7. d3 0-0 8. h3 Ne7 9. d4 exd4 10. Nxd4 Ng6 11. Qd2 Qe7 12. f3 Qe5 13. Na4 Qg3+ 14. Kf1 Nf4 15. Bd3 Bxh3 16. gxh3 Bxd4 17. Bxd4 Qxf3+ 18. Kg1 Nxh3+ 19. Rxh3 Qxh3 20. Bxf6 gxf6 21. Qg2+ Qxg2+ 22. Kxg2 Rfe8 23. Kf3 Re5 24. Rh1 Kh8 25. Nc3 c6 26. Ne2 Rg8 27. Ng3 Rxg3+ 28. Kxg3 Kg7 29. Kf4 Kg6 30. b4 b5 31. c3 c5 32. a3 h5 33. Rh4 c4 34. Bc2 Kh6 35. Bd1 d5 36. Bf3 dxe4 37. Bxe4 Re6 38. Bf3 Re5 39. Be4 Re6 40. Kf5 Rd6 41. Rh3 Re6 42. Kf4 Re5 43. Rh4 Re6 44. Kf5 Rd6 45. Rh3 Re6 46. Re3 Rd6 47. Bb7 Rb6 48. Re7 Kg7 49. Bd5 Rd6 50. Ke4 h4 51. Rxf7+ Kg6 52. Rf8 Kg7 53. Rg8+ Kh7 54. Rg1 Kh6 55. Kd4 Kh5 56. Kc5 Rd8 57. Rd1 Re8 58. Bf7+ Kg4 59. Bxe8 h3 60. Rd6 f5 61. Rxa6 f4 62. Bxb5 h2 63. Bc6 f3 64. Bxf3+ Kxf3 65. Rh6 Kg2 66. Kxc4 1-0

[Event "Goch op 20th"]
[Site "Goch"]
[Date "2009.10.03"]
[Round "4"]
[White "Bender, Karl Heinz"]
[Black "Horlemann, Eberhard"]
[Result "0-1"]
[WhiteElo "1076"]
[BlackElo "1558"]
[PlyCount "116"]
[EventDate "2009.10.01"]
[EventType "swiss"]
[EventRounds "7"]
[EventCountry "GER"]
[SourceTitle "EXT 2011"]
[Source "ChessBase"]
[SourceDate "2010.11.26"]
[SourceVersion "1"]
[SourceVersionDate "2010.11.26"]
[SourceQuality "1"]

1. c4 f5 2. Nc3 Nf6 3. Qc2 e6 4. e4 fxe4 5. Nxe4 Nc6 6. Nf3 Be7 7. b3 0-0 8. Bb2 b6 9. Bd3 Nb4 10. Qb1 Nxd3+ 11. Qxd3 Bb7 12. Neg5 g6 13. Ne5 Qe8 14. h4 Nh5 15. Nef7 Rxf7 16. Nxf7 Kxf7 17. 0-0-0 Bxg2 18. Rhg1 Bc6 19. Qe3 Qg8 20. d4 Bf6 21. Bc3 Qg7 22. Kb2 Re8 23. f4 d6 24. Qd2 Be4 25. Rg5 d5 26. f5 Bxf5 27. Rxf5 exf5 28. cxd5 Re4 29. d6 cxd6 30. Qd3 Kg8 31. Qc4+ Qf7 32. Qc8+ Re8 33. Qc6 d5 34. Bb4 Re4 35. Qc8+ Kg7 36. Rc1 Bxd4+ 37. Ka3 Bc5 38. Bxc5 bxc5 39. Qxc5 Qe7 40. b4 Qxc5 41. bxc5 Nf6 42. c6 Ne8 43. Rc5 Nc7 44. Ra5 a6 45. Rc5 Rxh4 46. Rc1 Re4 47. Rb1 Re6 48. Rb3 h5 49. Kb4 h4 50. Kc5 Rf6 51. Rb7 Rf7 52. Kd6 h3 53. Rb3 f4 54. Rf3 g5 55. a4 g4 56. Rf1 h2 57. Ke5 g3 58. Rxf4 Rxf4 0-1

[Event "Goch op 20th"]
[Site "Goch"]
[Date "2009.10.01"]
[Round "1"]
[White "Osbild, Reiner"]
[Black "Bender, Karl Heinz"]
[Result "1-0"]
[WhiteElo "1970"]
[BlackElo "1076"]
[PlyCount "84"]
[EventDate "2009.10.01"]
[EventType "swiss"]
[EventRounds "7"]
[EventCountry "GER"]
[SourceTitle "EXT 2011"]
[Source "ChessBase"]
[SourceDate "2010.11.26"]
[SourceVersion "1"]
[SourceVersionDate "2010.11.26"]
[SourceQuality "1"]

1. c4 g6 2. Nc3 d6 3. Nf3 Bg4 4. e3 c6 5. d4 Bxf3 6. Qxf3 Nf6 7. Be2 Nbd7 8. b4 a6 9. Rb1 Bh6 10. b5 Qa5 11. Bd2 e5 12. bxc6 bxc6 13. Qxc6 0-0 14. Na4 Rac8 15. Bxa5 Rxc6 16. d5 Rcc8 17. 0-0 Nc5 18. Nxc5 Rxc5 19. Bb4 Nd7 20. Bxc5 Nxc5 21. Rb6 Rd8 22. Rfb1 Bg5 23. Rb8 Kg7 24. Rxd8 Bxd8 25. f3 Kf6 26. f4 e4 27. Bg4 g5 28. Rb8 Be7 29. fxg5+ Kxg5 30. Bc8 f5 31. Ra8 f4 32. Kf2 Nd3+ 33. Ke2 Nc1+ 34. Kd2 f3 35. gxf3 exf3 36. Kxc1 f2 37. Bh3 Kh4 38. Bf1 Bg5 39. Kd2 Kg4 40. Ke2 Bh4 41. Rxa6 Bg3 42. hxg3 Kxg3 1-0

[Event "Quebec Montcalm op 6 2007-08"]
[Site "Quebec"]
[Date "2008.03.27"]
[Round "2"]
[White "Bender, Karl Heinz"]
[Black "Cummins, Paul"]
[Result "0-1"]
[WhiteElo "1477"]
[BlackElo "1746"]
[PlyCount "86"]
[EventDate "2008.03.20"]
[EventType "swiss"]
[EventRounds "5"]
[EventCountry "CAN"]
[SourceTitle "EXT 2022"]
[Source "ChessBase"]
[SourceDate "2021.10.06"]
[SourceVersion "1"]
[SourceVersionDate "2021.10.06"]
[SourceQuality "1"]

1. d4 Nf6 2. Nf3 e6 3. g3 c5 4. c3 Nc6 5. Bg2 d5 6. 0-0 cxd4 7. Nxd4 Bd6 8. Bg5 h6 9. Nxc6 bxc6 10. Bd2 0-0 11. Re1 Qb6 12. Qb3 Qc7 13. e4 Rb8 14. Qc2 dxe4 15. Bxe4 h5 16. Bg2 h4 17. Bg5 hxg3 18. Bxf6 gxh2+ 19. Kh1 gxf6 20. Qe4 Re8 21. Qh4 Qe7 22. Bxc6 f5 23. Qxe7 Rxe7 24. b3 Rc7 25. Bg2 Bf4 26. c4 e5 27. Na3 a6 28. Nc2 Rb6 29. Ne3 Be6 30. Rad1 e4 31. Nf1 f6 32. Rd8+ Kg7 33. Nxh2 Kg6 34. Kg1 Rh7 35. Nf1 a5 36. Ra8 Bc7 37. Ne3 Rd6 38. Rd1 Rxd1+ 39. Nxd1 Bd7 40. Kf1 Bc6 41. Rc8 Bb7 42. Re8 Kf7 43. Bxe4 fxe4 0-1

[Event "Quebec Montcalm 1 2007-08"]
[Site "Quebec"]
[Date "2007.09.20"]
[Round "3"]
[White "Lessard, Claude"]
[Black "Bender, Karl Heinz"]
[Result "1-0"]
[WhiteElo "1983"]
[BlackElo "1547"]
[PlyCount "67"]
[EventDate "2007.09.06"]
[EventType "swiss"]
[EventRounds "5"]
[EventCountry "CAN"]
[SourceTitle "EXT 2022"]
[Source "ChessBase"]
[SourceDate "2021.10.06"]
[SourceVersion "1"]
[SourceVersionDate "2021.10.06"]
[SourceQuality "1"]

1. d4 d5 2. c4 c6 3. Nf3 Nf6 4. Nc3 e6 5. Qc2 Be7 6. e4 dxe4 7. Nxe4 Nbd7 8. Bd3 Bb4+ 9. Bd2 Bxd2+ 10. Qxd2 Nxe4 11. Bxe4 Nf6 12. Bc2 b6 13. 0-0-0 Bb7 14. d5 cxd5 15. Ba4+ Kf8 16. Kb1 Ne4 17. Qe2 Ba6 18. Rhe1 Nc5 19. Bb5 Bxb5 20. cxb5 Qf6 21. Ne5 Qf5+ 22. Ka1 Rd8 23. Nc6 Rd7 24. g4 Qf4 25. h4 g6 26. Rd4 Qc7 27. g5 Kg7 28. h5 gxh5 29. Qxh5 Rc8 30. Rh4 Rh8 31. Qh6+ Kg8 32. Ne5 Re7 33. Ng4 Ne4 34. Nf6+ 1-0

[Event "Quebec Montcalm op 1st"]
[Site "Quebec"]
[Date "2000.10.12"]
[Round "5"]
[White "Bourassa, Andre"]
[Black "Bender, Karl Heinz"]
[Result "0-1"]
[WhiteElo "1572"]
[BlackElo "1682"]
[PlyCount "68"]
[EventDate "2000.09.15"]
[EventType "swiss"]
[EventRounds "5"]
[EventCountry "CAN"]
[SourceTitle "EXT 2022"]
[Source "ChessBase"]
[SourceDate "2021.10.06"]
[SourceVersion "1"]
[SourceVersionDate "2021.10.06"]
[SourceQuality "1"]

1. d4 d5 2. c4 e6 3. Nf3 Nf6 4. Bg5 c6 5. e3 Nbd7 6. Be2 Bb4+ 7. Nbd2 Qa5 8. Bxf6 Nxf6 9. a3 Be7 10. 0-0 Qd8 11. Rc1 0-0 12. Qc2 g6 13. Bd3 Kg7 14. Ne5 Nd7 15. Nxd7 Bxd7 16. Nf3 f6 17. Rfe1 Bd6 18. Nh4 f5 19. g3 e5 20. dxe5 Bxe5 21. Nf3 Bf6 22. Red1 Qe7 23. Rd2 Be6 24. Nd4 Bf7 25. Ne2 Rad8 26. Nf4 dxc4 27. Bxc4 Rxd2 28. Qxd2 Bxc4 29. Rxc4 Rd8 30. Qe2 Qd6 31. Rc2 Be5 32. Qc4 Bxf4 33. gxf4 Qd1+ 34. Kg2 Qg4+ 0-1